000 00659nam a2200193 i 4500
001 128752
003 ES-MaACL
005 20230906193344.0
007 t|
008 070524s1945 sp ||||1| spa d
080 _a903(460.152)
100 1 _aTaracena Aguirre, Blas.
_9109258
245 1 0 _aMemoria sobre las excavaciones en el Castro de Narvárniz (Vizcaya) /
_cpor B. Taracena Aguirre y A. Fernández de Avilés.
260 _a[Bilbao] :
_bDiputación de Vizcaya,
_c1945.
300 _a45 p. :
_bil ;
_c25 cm.
700 1 _aFernández de Avilés, Augusto.
_949627
700 1 _aDiputación de Vizcaya.
_944867
852 _aES-MaACL
_j2084-F-37
_bR.89245
999 _c128752
_d128752